Las Razones del socialismo : actas de las jornadas de debate : Barcelona 5, 6 y 7 de octubre de 1990 actas de las jornadas de debate :
Descripción Física:
443 p. ; 22 cm
Colección:
Críticas (Fundació Pere Ardiaca)
Materias:
Socialisme -- Congressos
MARC
| LEADER | 00000nam a2200000Ia 4500 | ||
|---|---|---|---|
| 001 | 17078 | ||
| 003 | BGR | ||
| 005 | 20260324175335.0 | ||
| 008 | 160829s9999 xx 000 0 cat d | ||
| 080 | |a M-5-123 | ||
| 245 | |a Las Razones del socialismo : |b actas de las jornadas de debate : |b Barcelona 5, 6 y 7 de octubre de 1990 | ||
| 260 | |a [S. l.] : |b Fundació Pere Ardiaca, DL 1991 | ||
| 300 | |a 443 p. ; |c 22 cm | ||
| 490 | |a Críticas (Fundació Pere Ardiaca) | ||
| 590 | |a Referències bibliogràfiques | ||
| 590 | |a Ponències presentades a les jornades organitzades per la revista Realitat i pel Seminari de Marxisme de la Fundació pere Ardiaca | ||
| 590 | |a Títol a la coberta: Les Raons del socialisme | ||
| 650 | 0 | |a Socialisme |x Congressos |9 27803 | |
| 710 | 2 | |a Fundació Pere Ardiaca |9 70912 | |
| 901 | |a Arxiu | ||
| 942 | |n 1 |2 udc |c MON | ||
| 952 | |0 0 |1 0 |4 0 |6 M5123 |7 1 |9 44620 |a Arxiu |b Arxiu |d 2016-12-01 |l 0 |o M-5-123 |p 17078 |r 2016-12-01 00:00:00 |w 2016-12-01 |y ARXIU | ||
| 999 | |c 47201 |d 47201 | ||